15 personnages de Gryffondor les plus cités dans Harry Potter - Statistiques

Statistiques générales
  • Ce quiz a été pris 330 fois
    303 depuis la dernière actualisation
  • Le résultat moyen est 10 sur 15
Statistiques - réponses
Hint Réponse % Correct
18956 Harry Potter
100%
5486 Hermione Granger
90%
6464 Ron Weasley
88%
771 Ginny Weasley
81%
2421 Albus Dumbledore
77%
920 Fred Weasley
77%
821 George Weasley
77%
810 Neville Londubat
74%
770 Minerva McGonagall
69%
1471 Sirius Black
58%
864 Remus Lupin
50%
2024 Rubeus Hagrid
45%
780 Arthur Weasley
43%
722 Molly Weasley
43%
486 Peter Pettigrow
32%
Aucun quiz correspondant
Distribution des résultats
% des personnes avec chaque résultat
Percentile par nombre de réponses
Votre historique - résultats
Vous n’avez pas pris ce quiz depuis la dernière actualisation